000
00298nam a22001337a 4500
008
181005b xxu||||| |||| 00| 0 eng d
020
_a
9780801308420
041
_a
eng
080
_a
370
100
_a
47
101
_a
EDU
245
_a
Reading Diagnosis For Teachers
_c
Bar.r
942
_2
udc
_c
BK
999
_c
48921
_d
48921